| 000 | 00500nam a2200205Ia 4500 | ||
|---|---|---|---|
| 003 | LK-CoDNM | ||
| 005 | 20240926130705.0 | ||
| 008 | 010623t1906 xxu||||| |||| 00| 1 eng d | ||
| 040 |
_aLK-CoDNM _dLK-CoDNM _eLK-CoDNM |
||
| 041 | _aeng | ||
| 080 |
_a24 _bD44 |
||
| 245 | _aThe Ceylon National Review | ||
| 260 |
_bGovernment press _c1906 _aColombo |
||
| 300 | _biv, 271p. ; 25 cm | ||
| 490 | _vNo.2 | ||
| 650 | _aThe Ceylon National Review | ||
| 650 | _aNo.2 | ||
| 650 | _a24 D44 | ||
| 942 | _cBK | ||
| 999 |
_c86386 _d86386 |
||